[Event "Dulles Cherry Blossom op 10th"]
[Site "Dulles"]
[Date "2023.05.28"]
[Round "6"]
[White "Altman, Joshua"]
[Black "Kanli, Alperen"]
[Result "1-0"]
[WhiteElo "2120"]
[BlackElo "2111"]
[PlyCount "79"]
[EventDate "2023.05.24"]
[EventType "swiss"]
[EventRounds "9"]
[EventCountry "USA"]
[SourceTitle "CBM 214 Extra"]
[Source "ChessBase"]
[SourceDate "2023.07.31"]
[SourceVersion "1"]
[SourceVersionDate "2023.07.31"]
[SourceQuality "1"]

1. d4 Nf6 2. c4 e6 3. Nf3 d5 4. cxd5 exd5 5. Nc3 Bb4 6. Bg5 h6 7. Bh4 g5 8. Bg3 Ne4 9. Nd2 Nxg3 10. hxg3 c5 11. a3 Bxc3 12. bxc3 Nc6 13. e3 c4 14. e4 Be6 15. exd5 Bxd5 16. Nxc4 Qc7 17. Ne3 0-0-0 18. Be2 Be4 19. 0-0 f5 20. Bf3 Bxf3 21. Qxf3 Rdf8 22. Nd5 Qd7 23. Nb4 Rf6 24. d5 Ne7 25. c4 a5 26. Nd3 h5 27. Rab1 Qd6 28. Qe3 h4 29. c5 Qd8 30. c6 b6 31. Qxb6 Qxb6 32. Rxb6 Nxd5 33. Ra6 Nc7 34. Rxa5 Rxc6 35. Rxf5 Rc3 36. Ne5 hxg3 37. fxg3 Ne6 38. Nf7 Rg8 39. Nd6+ Kd7 40. Ne4 1-0

[Event "Dulles Cherry Blossom op 10th"]
[Site "Dulles"]
[Date "2023.05.25"]
[Round "2"]
[White "Kiewra, Keaton F"]
[Black "Kanli, Alperen"]
[Result "1/2-1/2"]
[WhiteElo "2352"]
[BlackElo "2111"]
[PlyCount "108"]
[EventDate "2023.05.24"]
[EventType "swiss"]
[EventRounds "9"]
[EventCountry "USA"]
[SourceTitle "CBM 214 Extra"]
[Source "ChessBase"]
[SourceDate "2023.07.31"]
[SourceVersion "1"]
[SourceVersionDate "2023.07.31"]
[SourceQuality "1"]

1. c4 e5 2. Nc3 Nf6 3. e4 Bb4 4. g3 Bxc3 5. bxc3 Nxe4 6. Qg4 Nf6 7. Qxg7 Rg8 8. Qh6 d5 9. Ba3 Bf5 10. h3 Nbd7 11. Qe3 c5 12. Bxc5 Qc7 13. Ba3 dxc4 14. Bg2 Qb6 15. Qxb6 axb6 16. Bb4 Be4 17. Nf3 Nd5 18. 0-0 Nf4 19. Rfe1 f5 20. Nh4 Nxg2 21. Nxg2 0-0-0 22. Ne3 Bd3 23. Nd5 Rg7 24. a4 f4 25. Kg2 fxg3 26. fxg3 Kb8 27. Bd6+ Ka7 28. a5 b5 29. Bc7 Rdg8 30. Re3 Rf7 31. Bxe5 Nxe5 32. Rxe5 Rd8 33. Rae1 Rf5 34. Nf4 Bc2 35. R5e2 Ka6 36. Ra1 Ba4 37. Ra2 Kxa5 38. Re7 h5 39. Rxb7 h4 40. Rg7 Rdf8 41. Rg4 hxg3 42. Kxg3 b4 43. cxb4+ Kxb4 44. Ng6 Rf3+ 45. Kh4 Re8 46. Rxa4+ Kxa4 47. Rxc4+ Kb5 48. Rf4 Rd3 49. Kg4 Rxd2 50. h4 Rg2+ 51. Kf5 Rc8 52. Re4 Rc5+ 53. Re5 Rxe5+ 54. Nxe5 Rh2 1/2-1/2

[Event "US Masters op"]
[Site "Charlotte"]
[Date "2022.11.23"]
[Round "1"]
[White "Kanli, Alperen"]
[Black "Macieja, Bartlomiej"]
[Result "0-1"]
[WhiteElo "2171"]
[BlackElo "2514"]
[PlyCount "84"]
[EventDate "2022.11.23"]
[EventType "swiss"]
[EventRounds "9"]
[EventCountry "USA"]
[SourceTitle "CBM 211 Extra"]
[Source "ChessBase"]
[SourceDate "2023.01.31"]
[SourceVersion "1"]
[SourceVersionDate "2023.01.31"]
[SourceQuality "1"]

1. d4 g6 2. c4 Bg7 3. Nc3 c5 4. d5 Bxc3+ 5. bxc3 f5 6. e4 fxe4 7. f3 e5 8. Nh3 d6 9. Ng5 Nf6 10. fxe4 0-0 11. Be2 h6 12. Nf3 Kg7 13. Qd2 Ng8 14. h3 Nd7 15. g4 Qa5 16. Qd3 Nb6 17. Bd2 Bd7 18. 0-0 Rf7 19. Rf2 Raf8 20. Kg2 g5 21. h4 gxh4 22. Kh2 Ne7 23. Rg2 Ng6 24. Kh3 Nxc4 25. Qxc4 Rxf3+ 26. Bxf3 Rxf3+ 27. Kh2 Bb5 28. Qb3 Bf1 29. Qxb7+ Rf7 30. Bxh6+ Kxh6 31. Qxf7 Bxg2 32. g5+ Kxg5 33. Kxg2 Qxc3 34. Rg1 Kh6 35. Kh2 Qc2+ 36. Rg2 Qxe4 37. Qe6 Kh5 38. Qg8 Kh6 39. Qe6 c4 40. Rg4 Qc2+ 41. Kh1 Kh5 42. Rg2 Qxg2+ 0-1

[Event "Charlotte CCCSA Fall IM-E"]
[Site "Charlotte"]
[Date "2022.11.21"]
[Round "8"]
[White "Beukes, Dante M"]
[Black "Kanli, Alperen"]
[Result "0-1"]
[WhiteElo "2299"]
[BlackElo "2171"]
[PlyCount "82"]
[EventDate "2022.11.18"]
[EventType "tourn"]
[EventRounds "9"]
[EventCountry "USA"]
[SourceTitle "CBM 211 Extra"]
[Source "ChessBase"]
[SourceDate "2023.01.31"]
[SourceVersion "1"]
[SourceVersionDate "2023.01.31"]
[SourceQuality "1"]

1. e4 c6 2. Nf3 d5 3. d3 Bg4 4. h3 Bh5 5. g4 Bg6 6. Qe2 dxe4 7. dxe4 e5 8. Nc3 Bb4 9. h4 Nf6 10. Bd2 Nbd7 11. h5 Bxc3 12. hxg6 Bxd2+ 13. Qxd2 fxg6 14. 0-0-0 Qe7 15. g5 Nxe4 16. Qe3 Nd6 17. Bh3 Nf5 18. Bxf5 gxf5 19. g6 f4 20. Qe4 h6 21. Rhe1 0-0-0 22. Nd4 Qf6 23. Nf5 Rhf8 24. Nd6+ Kc7 25. Qb4 Nb6 26. Ne4 Qe6 27. a4 Rfe8 28. Rxd8 Rxd8 29. Nc5 Qa2 30. c4 a5 31. Qxa5 Qxc4+ 32. Kb1 Ra8 33. Na6+ Kc8 34. Qxe5 Qd3+ 35. Kc1 Rxa6 36. Qe8+ Kc7 37. Qe5+ Qd6 38. Qxg7+ Nd7 39. Rd1 Qc5+ 40. Kb1 Qf5+ 41. Kc1 Rxa4 0-1

[Event "Charlotte CCCSA Spring IM-D"]
[Site "Charlotte"]
[Date "2022.05.08"]
[Round "8"]
[White "Kanli, Alperen"]
[Black "Zaloznyy, Mike"]
[Result "1/2-1/2"]
[WhiteElo "2173"]
[BlackElo "2125"]
[PlyCount "49"]
[EventDate "2022.05.04"]
[EventType "tourn"]
[EventRounds "9"]
[EventCountry "USA"]
[SourceTitle "CBM 208 Extra"]
[Source "ChessBase"]
[SourceDate "2022.07.31"]
[SourceVersion "1"]
[SourceVersionDate "2022.07.31"]
[SourceQuality "1"]

1. d4 Nf6 2. c4 b6 3. Nc3 Bb7 4. Qc2 d5 5. Bg5 e6 6. cxd5 exd5 7. e3 Be7 8. Bd3 h6 9. Bh4 0-0 10. Nge2 c5 11. 0-0 Nc6 12. a3 c4 13. Bf5 Bc8 14. Bxc8 Rxc8 15. Qf5 Qd7 16. Qxd7 Nxd7 17. Bg3 Nf6 18. Be5 Nxe5 19. dxe5 Ng4 20. Nxd5 Bc5 21. e6 fxe6 22. Ndc3 Nxf2 23. Rxf2 Bxe3 24. Nd1 Bc5 25. Nec3 1/2-1/2

[Event "Charlotte CCCSA Spring IM-E"]
[Site "Charlotte"]
[Date "2022.03.18"]
[Round "4"]
[White "Chiku Ratte, Olivier Kenta"]
[Black "Kanli, Alperen"]
[Result "1-0"]
[WhiteElo "2382"]
[BlackElo "2131"]
[PlyCount "47"]
[EventDate "2022.03.16"]
[EventType "tourn"]
[EventRounds "9"]
[EventCountry "USA"]
[EventCategory "1"]
[SourceTitle "CBM 207 Extra"]
[Source "ChessBase"]
[SourceDate "2022.05.31"]
[SourceVersion "1"]
[SourceVersionDate "2022.05.31"]
[SourceQuality "1"]

1. d4 d5 2. c4 dxc4 3. Nf3 Nf6 4. e3 e6 5. Bxc4 a6 6. 0-0 b5 7. Bd3 Bb7 8. a4 b4 9. Nbd2 c5 10. e4 c4 11. Bxc4 Nxe4 12. Nxe4 Bxe4 13. Re1 Bd5 14. Bg5 f6 15. Ne5 fxg5 16. Qh5+ g6 17. Nxg6 hxg6 18. Qxg6+ Kd7 19. Bxd5 exd5 20. Rac1 Be7 21. Qe6+ Ke8 22. Rc8 Ra7 23. Rxd8+ Kxd8 24. Qe5 1-0

[Event "Charlotte CCCSA Spring IM-E"]
[Site "Charlotte"]
[Date "2022.03.17"]
[Round "2"]
[White "Kanli, Alperen"]
[Black "Yang, Qindong"]
[Result "1-0"]
[WhiteElo "2131"]
[BlackElo "2084"]
[PlyCount "65"]
[EventDate "2022.03.16"]
[EventType "tourn"]
[EventRounds "9"]
[EventCountry "USA"]
[EventCategory "1"]
[SourceTitle "CBM 207 Extra"]
[Source "ChessBase"]
[SourceDate "2022.05.31"]
[SourceVersion "1"]
[SourceVersionDate "2022.05.31"]
[SourceQuality "1"]

1. d4 Nf6 2. c4 e6 3. Nc3 Bb4 4. f3 c5 5. d5 b5 6. e4 d6 7. Nge2 0-0 8. Nf4 e5 9. Nfe2 bxc4 10. Ng3 Nbd7 11. Be2 Nb6 12. 0-0 Bd7 13. f4 Ne8 14. fxe5 dxe5 15. Bg4 Nd6 16. Qf3 Rb8 17. Nce2 Qc8 18. Bxd7 Qxd7 19. Be3 Na4 20. Rab1 Rfc8 21. Nh5 Ne8 22. Neg3 Rb6 23. Nf5 Kh8 24. d6 f6 25. Nfxg7 Rxd6 26. Nxe8 Qxe8 27. Nxf6 Qg6 28. Nd5 Re8 29. h4 Nb6 30. h5 Qg7 31. h6 Qg6 32. Ne7 Qe6 33. Qf8+ 1-0

[Event "Charlotte CCCSA Winter IM-B"]
[Site "Charlotte"]
[Date "2022.01.17"]
[Round "9"]
[White "Kanli, Alperen"]
[Black "Lima Martinez, Alejandro"]
[Result "1/2-1/2"]
[WhiteElo "2055"]
[BlackElo "2078"]
[PlyCount "29"]
[EventDate "2022.01.13"]
[EventType "tourn"]
[EventRounds "9"]
[EventCountry "USA"]
[SourceTitle "CBM 206 Extra"]
[Source "ChessBase"]
[SourceDate "2022.03.31"]
[SourceVersion "1"]
[SourceVersionDate "2022.03.31"]
[SourceQuality "1"]

1. d4 Nf6 2. c4 c5 3. d5 b5 4. cxb5 a6 5. b6 d6 6. Nc3 Qxb6 7. e4 g6 8. a4 a5 9. Bb5+ Bd7 10. Qe2 Bg7 11. f4 0-0 12. Nf3 e6 13. dxe6 Bxe6 14. 0-0 Nc6 15. e5 1/2-1/2

[Event "Charlotte CCCSA Winter IM-B"]
[Site "Charlotte"]
[Date "2022.01.15"]
[Round "4"]
[White "Amburgy, Ryan"]
[Black "Kanli, Alperen"]
[Result "0-1"]
[WhiteElo "2152"]
[BlackElo "2055"]
[PlyCount "102"]
[EventDate "2022.01.13"]
[EventType "tourn"]
[EventRounds "9"]
[EventCountry "USA"]
[SourceTitle "CBM 206 Extra"]
[Source "ChessBase"]
[SourceDate "2022.03.31"]
[SourceVersion "1"]
[SourceVersionDate "2022.03.31"]
[SourceQuality "1"]

1. Nf3 d5 2. e3 Nf6 3. c4 dxc4 4. Bxc4 e6 5. 0-0 a6 6. b3 b5 7. Be2 Bb7 8. Bb2 Nbd7 9. a4 b4 10. d4 c5 11. Nbd2 Be7 12. Rc1 Rc8 13. Bd3 cxd4 14. Rxc8 Qxc8 15. Bxd4 0-0 16. Nc4 Rd8 17. Qe2 Nc5 18. Bc2 Nfe4 19. Nfe5 f6 20. Nb6 Qc7 21. Nec4 e5 22. Bb2 Nc3 23. Bxc3 bxc3 24. b4 Ne4 25. Qg4 Nd2 26. Rd1 e4 27. Qe6+ Kh8 28. Na5 Bxb4 29. Nxb7 Qxb7 30. Nc4 Qc8 31. Qxc8 Rxc8 32. Nxd2 cxd2 33. Bxe4 Rc1 34. Bf3 Kg8 35. Kf1 Kf7 36. Bd5+ Ke7 37. Ke2 Kd6 38. Bb7 a5 39. Be4 g6 40. Bd3 Bc3 41. h4 Kc5 42. g4 Kb4 43. Bb5 Kc5 44. Be8 Kd5 45. Bf7+ Ke5 46. f4+ Ke4 47. Be8 Bb4 48. f5 gxf5 49. gxf5 Rc3 50. Rf1 Rxe3+ 51. Kf2 Rf3+ 0-1

[Event "Dulles Colonial op 2nd"]
[Site "Dulles"]
[Date "2021.04.03"]
[Round "2"]
[White "Singh, Hersh"]
[Black "Kanli, Alperen"]
[Result "1/2-1/2"]
[WhiteElo "2080"]
[BlackElo "1911"]
[PlyCount "31"]
[EventDate "2021.04.02"]
[EventType "swiss"]
[EventRounds "5"]
[EventCountry "USA"]
[SourceTitle "CBM 202 Extra"]
[Source "ChessBase"]
[SourceDate "2021.07.31"]
[SourceVersion "1"]
[SourceVersionDate "2021.07.31"]
[SourceQuality "1"]

1. d4 d5 2. c4 dxc4 3. e4 e5 4. Nf3 exd4 5. Bxc4 Nc6 6. 0-0 Be6 7. Bb5 Bd7 8. Bxc6 Bxc6 9. Nxd4 Bd7 10. Qb3 c5 11. Nf5 Qb6 12. Nc3 0-0-0 13. Bf4 Bxf5 14. exf5 Qxb3 15. axb3 a6 16. b4 1/2-1/2

[Event "Dulles Colonial op 2nd"]
[Site "Dulles"]
[Date "2021.04.02"]
[Round "1"]
[White "Kanli, Alperen"]
[Black "Yanayt, Eugene"]
[Result "1-0"]
[WhiteElo "1911"]
[BlackElo "2079"]
[PlyCount "79"]
[EventDate "2021.04.02"]
[EventType "swiss"]
[EventRounds "5"]
[EventCountry "USA"]
[SourceTitle "CBM 202 Extra"]
[Source "ChessBase"]
[SourceDate "2021.07.31"]
[SourceVersion "1"]
[SourceVersionDate "2021.07.31"]
[SourceQuality "1"]

1. d4 Nf6 2. c4 g6 3. Nc3 Bg7 4. e4 d6 5. f4 c5 6. d5 e5 7. fxe5 dxe5 8. Nf3 0-0 9. Be2 Ne8 10. Bg5 f6 11. Be3 b6 12. Qd2 Nd6 13. Bh6 Rf7 14. Bxg7 Kxg7 15. Qe3 Na6 16. a3 Bd7 17. 0-0 Rb8 18. Rab1 Rc8 19. Nb5 Nxb5 20. cxb5 Nc7 21. a4 Ne8 22. Nd2 Qc7 23. Nc4 a6 24. bxa6 Bxa4 25. Ra1 Bb5 26. d6 Qc6 27. Qb3 Bxc4 28. Bxc4 Ra7 29. Bd5 Qxd6 30. Bb7 c4 31. Qh3 Rd8 32. Rad1 Qc5+ 33. Kh1 Rd6 34. Rxd6 Qxd6 35. Qg4 Nc7 36. Rd1 Qe6 37. Qxe6 Nxe6 38. Rd6 Kf7 39. Bd5 Rxa6 40. h3 1-0

[Event "North American op 29th"]
[Site "Las Vegas"]
[Date "2019.12.29"]
[Round "8"]
[White "Kanli, Alperen"]
[Black "Findlay, Ian T"]
[Result "0-1"]
[WhiteElo "1927"]
[BlackElo "2201"]
[PlyCount "138"]
[EventDate "2019.12.26"]
[EventType "swiss"]
[EventRounds "9"]
[EventCountry "USA"]
[SourceTitle "CBM 194 Extra"]
[Source "ChessBase"]
[SourceDate "2020.03.31"]
[SourceVersion "1"]
[SourceVersionDate "2020.03.31"]
[SourceQuality "1"]

1. e4 c5 2. Nf3 d6 3. d4 cxd4 4. Nxd4 Nf6 5. Nc3 g6 6. Be3 Bg7 7. f3 Nc6 8. Qd2 0-0 9. 0-0-0 d5 10. exd5 Nxd5 11. Nxc6 bxc6 12. Bd4 Bxd4 13. Qxd4 Qb6 14. Nxd5 cxd5 15. Qxb6 axb6 16. a3 Bb7 17. Bb5 Ra5 18. a4 Rc8 19. b3 Bc6 20. Bxc6 Rxc6 21. Rhe1 e6 22. Rd4 Rac5 23. Re2 e5 24. Rb4 d4 25. Kb2 f6 26. f4 Kf7 27. fxe5 fxe5 28. Rc4 Rxc4 29. bxc4 Ke6 30. Kb3 Kf5 31. Rf2+ Ke4 32. Re2+ Kf4 33. g3+ Kf5 34. Kb4 e4 35. Kb5 Rc5+ 36. Kxb6 Rxc4 37. a5 d3 38. cxd3 exd3 39. Re1 Rb4+ 40. Kc5 Ra4 41. Kb5 Ra2 42. Kc4 Rxh2 43. Kxd3 Ra2 44. Ke3 Kg4 45. Re2 Ra3+ 46. Kf2 Rf3+ 47. Kg1 Ra3 48. Kf2 g5 49. Re4+ Kh3 50. Re5 h6 51. Re6 Ra2+ 52. Kf1 Rxa5 53. Rxh6+ Kxg3 54. Rf6 g4 55. Rg6 Ra1+ 56. Ke2 Rg1 57. Rg8 Kh2 58. Kf2 g3+ 59. Kf3 Rf1+ 60. Ke2 Rf5 61. Rh8+ Kg1 62. Rg8 g2 63. Re8 Rh5 64. Rg8 Kh2 65. Kf2 Rf5+ 66. Ke2 g1Q 67. Rh8+ Kg2 68. Rg8+ Kh1 69. Rh8+ Qh2+ 0-1

[Event "US Open-120"]
[Site "Orlando"]
[Date "2019.08.03"]
[Round "1"]
[White "Kanli, Alperen"]
[Black "Tarjan, James Edward"]
[Result "0-1"]
[WhiteElo "1871"]
[BlackElo "2376"]
[PlyCount "64"]
[EventDate "2019.08.03"]
[EventType "swiss"]
[EventRounds "9"]
[EventCountry "USA"]
[SourceTitle "CBM 191 Extra"]
[Source "ChessBase"]
[SourceDate "2019.09.30"]
[SourceVersion "1"]
[SourceVersionDate "2019.09.30"]
[SourceQuality "1"]

1. e4 e5 2. Nf3 Nc6 3. Bc4 Nf6 4. d3 Be7 5. Qe2 0-0 6. c3 d6 7. Nbd2 Na5 8. Bb5 a6 9. Ba4 b5 10. Bc2 c5 11. Nf1 Nc6 12. Ng3 Re8 13. h3 d5 14. Nh2 Be6 15. Qf3 Qd7 16. 0-0 Rad8 17. Re1 d4 18. Rd1 dxc3 19. bxc3 b4 20. Ba4 bxc3 21. Be3 Qc7 22. Rac1 Nd4 23. Bxd4 cxd4 24. Bxe8 Rxe8 25. Rc2 Rb8 26. Nf5 Bf8 27. Ng4 Nxg4 28. Qxg4 Rb2 29. Qe2 Qb8 30. Ra1 g6 31. Nh4 Rxc2 32. Qxc2 Qb2 0-1

[Event "Baku CC op 1st"]
[Site "Baku"]
[Date "2018.10.25"]
[Round "6"]
[White "Kanli, Alperen"]
[Black "Asadli, Toghrul"]
[Result "1-0"]
[WhiteElo "1726"]
[BlackElo "1568"]
[PlyCount "63"]
[EventDate "2018.10.20"]
[EventType "swiss"]
[EventRounds "9"]
[EventCountry "AZE"]
[SourceTitle "CBM 187 Extra"]
[Source "ChessBase"]
[SourceDate "2018.11.04"]
[SourceVersion "1"]
[SourceVersionDate "2018.11.04"]
[SourceQuality "1"]

1. e4 e5 2. Nf3 Nc6 3. Bb5 a6 4. Ba4 Nf6 5. 0-0 b5 6. Bb3 Be7 7. d3 d6 8. a4 Bg4 9. c3 0-0 10. h3 Bh5 11. Nbd2 Na5 12. Bc2 c5 13. Re1 Qb6 14. Nf1 Rfc8 15. Ng3 Bg6 16. Nh4 Bf8 17. Qf3 c4 18. Be3 Qb7 19. d4 bxa4 20. Reb1 Nb3 21. Rxa4 Qc6 22. Ra2 exd4 23. cxd4 Re8 24. Nhf5 Bxf5 25. Qxf5 Nd7 26. Nh5 g6 27. Qxd7 Qxd7 28. Nf6+ Kh8 29. Nxd7 Bg7 30. Nb6 Rad8 31. Rd1 Rb8 32. Rxa6 1-0

[Event "Baku CC op 1st"]
[Site "Baku"]
[Date "2018.10.23"]
[Round "4"]
[White "Aslanov, Umid Fuad"]
[Black "Kanli, Alperen"]
[Result "1-0"]
[WhiteElo "1658"]
[BlackElo "1726"]
[PlyCount "67"]
[EventDate "2018.10.20"]
[EventType "swiss"]
[EventRounds "9"]
[EventCountry "AZE"]
[SourceTitle "CBM 187 Extra"]
[Source "ChessBase"]
[SourceDate "2018.11.04"]
[SourceVersion "1"]
[SourceVersionDate "2018.11.04"]
[SourceQuality "1"]

1. e4 c5 2. Nf3 e6 3. d4 cxd4 4. Nxd4 a6 5. c4 Qc7 6. Bd3 Nc6 7. Nxc6 dxc6 8. 0-0 Nf6 9. Be3 e5 10. h3 Be6 11. Qc2 Be7 12. Nc3 0-0 13. Rad1 Nh5 14. Rfe1 h6 15. Qe2 Nf6 16. a3 Nh7 17. Na4 b5 18. cxb5 cxb5 19. Rc1 Qb7 20. Nc5 Bxc5 21. Rxc5 f6 22. Rec1 Rfc8 23. b4 Nf8 24. Qc2 Qd7 25. Be2 Ng6 26. Bh5 Ne7 27. Rd1 Qb7 28. Rd6 Bc4 29. Qd1 Bf7 30. Bxf7+ Kxf7 31. Rd7 Qb8 32. Qb3+ Kf8 33. Qe6 Re8 34. Rcc7 1-0

[Event "EU-ch U12 28th"]
[Site "Riga"]
[Date "2018.08.24"]
[Round "5"]
[White "Sokolovskis, Pavels"]
[Black "Kanli, Alperen"]
[Result "0-1"]
[WhiteElo "1357"]
[BlackElo "1572"]
[PlyCount "39"]
[EventDate "2018.08.20"]
[EventType "swiss"]
[EventRounds "9"]
[EventCountry "LAT"]
[SourceTitle "CBM 186 Extra"]
[Source "ChessBase"]
[SourceDate "2018.08.24"]
[SourceVersion "1"]
[SourceVersionDate "2018.08.24"]
[SourceQuality "1"]

1. d4 Nf6 2. Bf4 g6 3. e3 d5 4. Nf3 Bg7 5. Nbd2 0-0 6. Bd3 c5 7. c3 Nc6 8. Ne5 Nd7 9. Ndf3 Ndxe5 10. Nxe5 Nxe5 11. Bxe5 Bxe5 12. dxe5 Qc7 13. f4 Rd8 14. h4 d4 15. h5 c4 16. hxg6 hxg6 17. Be4 dxc3 18. Qc2 cxb2 19. Rd1 Rxd1+ 20. Kxd1 0-1

[Event "EU-ch U10 26th"]
[Site "Prague"]
[Date "2016.08.22"]
[Round "5"]
[White "Kanli, Alperen"]
[Black "Sustek, Adam"]
[Result "1-0"]
[WhiteElo "1470"]
[BlackElo "1368"]
[PlyCount "89"]
[EventDate "2016.08.18"]
[EventType "swiss"]
[EventRounds "9"]
[EventCountry "CZE"]
[SourceTitle "CBM 174 Extra"]
[Source "ChessBase"]
[SourceDate "2016.10.10"]
[SourceVersion "1"]
[SourceVersionDate "2016.10.10"]
[SourceQuality "1"]

1. d4 d6 2. c4 Nf6 3. Nc3 c6 4. Nf3 Nbd7 5. e4 e5 6. Be3 Qc7 7. Be2 Be7 8. Qd2 b6 9. d5 Bb7 10. h3 h6 11. Bd3 Ba6 12. b4 cxd5 13. cxd5 Bxd3 14. Qxd3 Rc8 15. Rc1 Qc4 16. Qxc4 Rxc4 17. a3 0-0 18. Nd2 Rc7 19. Ndb1 Rfc8 20. Ke2 a6 21. Kd3 Nh5 22. Ne2 Bg5 23. Bxg5 hxg5 24. g3 a5 25. Rxc7 Rxc7 26. Rc1 Rxc1 27. Nxc1 Kf8 28. Nc3 Ke8 29. bxa5 bxa5 30. Nb3 Nhf6 31. f3 Nb6 32. Nxa5 Nfd7 33. Nb3 Kd8 34. a4 Kc7 35. a5 Na8 36. Nb5+ Kd8 37. Nxd6 f6 38. Kc4 Nb8 39. Nc5 Nc7 40. Nb5 Kc8 41. Nxc7 Kxc7 42. Ne6+ Kd6 43. Kb5 Kd7 44. a6 Kc8 45. a7 1-0

[Event "EU-ch U10 25th"]
[Site "Porec"]
[Date "2015.09.29"]
[Round "8"]
[White "Kanli, Alperen"]
[Black "Anghel, Iulian Mihai"]
[Result "0-1"]
[WhiteElo "1397"]
[BlackElo "1638"]
[PlyCount "90"]
[EventDate "2015.09.21"]
[EventType "swiss"]
[EventRounds "9"]
[EventCountry "CRO"]
[SourceTitle "EXT 2016"]
[Source "ChessBase"]
[SourceDate "2015.10.08"]
[SourceVersion "1"]
[SourceVersionDate "2015.10.08"]
[SourceQuality "1"]

1. d4 d6 2. e4 Nf6 3. Nc3 c6 4. f3 g6 5. Be3 Bg7 6. Bd3 Nbd7 7. Qd2 b5 8. a3 Bb7 9. Bh6 0-0 10. Nge2 a6 11. Ng3 c5 12. dxc5 dxc5 13. Bxg7 Kxg7 14. h4 Qc7 15. Qf2 c4 16. Be2 Qf4 17. Nf1 Qe5 18. 0-0-0 Qc5 19. Qxc5 Nxc5 20. Ne3 e6 21. Rhe1 Rfd8 22. Rxd8 Rxd8 23. Rd1 Rc8 24. Bf1 Kf8 25. Kb1 Ke7 26. Ne2 Nfd7 27. Nf4 Ne5 28. Nh3 f6 29. Nf2 f5 30. exf5 exf5 31. Re1 Kf6 32. Rd1 Nf7 33. Nd5+ Ke5 34. Nc3 Rd8 35. Rxd8 Nxd8 36. Nh3 Nde6 37. Ng1 Kf4 38. Nce2+ Ke3 39. Nh3 Kd2 40. Nc1 Ke1 41. Be2 Nd4 42. Nf4 Nce6 43. Nxe6 Nxe6 44. g4 Nf4 45. gxf5 gxf5 0-1